书目信息 |
| 题名: |
VPN及安全验证技术
|
|
| 作者: | 李志杰 主编 | |
| 分册: | ||
| 出版信息: | 北京 电子工业出版社 2014 |
|
| 页数: | 207页 | |
| 开本: | 26cm | |
| 丛书名: | ||
| 单 册: | ||
| 中图分类: | TP393.01 | |
| 科图分类: | ||
| 主题词: | 虚拟网络--高等职业教育--教材 , 虚拟网络 | |
| 电子资源: | ||
| ISBN: | 978-7-121-23265-7 | |
| 000 | 00996nam0 2200253 450 | |
| 001 | 2360949700 | |
| 005 | 20231130165608.69 | |
| 010 | @a978-7-121-23265-7@dCNY32.00 | |
| 100 | @a20140911d2014 em y0chiy50 ea | |
| 101 | 0 | @achi |
| 102 | @aCN@b110000 | |
| 105 | @aa z 000yy | |
| 200 | 1 | @aVPN及安全验证技术@AVPN ji an quan yan zheng ji shu@f李志杰主编 |
| 210 | @a北京@c电子工业出版社@d2014 | |
| 215 | @a207页@c图@d26cm | |
| 300 | @a工业和信息产业科技与教育专著出版资金资助出版 基于岗位职业能力培养的高职网络技术专业系列教材建设 | |
| 330 | @a本书以实际网络应用为背景,采用项目驱动的方式进行内容组织,系统全面介绍了VPN加密技术和隧道技术,基于Windows系统的VPN网络的组建,基于Linux系统的VPN网络的组建,基于路由器的VPN网络的组建,基于VPN设备的VPN网络的组建等知识。 | |
| 606 | 0 | @a虚拟网络@x高等职业教育@j教材 |
| 606 | 0 | @a虚拟网络 |
| 610 | 0 | @aVPN |
| 690 | @aTP393.01@v5 | |
| 701 | 0 | @a李志杰@Ali zhi jie@c(计算机)@4主编 |
| 801 | 0 | @aCN@b山东中教@c20231126 |
| 905 | @aBZT@dTP393.01@e59 | |
| VPN及安全验证技术/李志杰主编.-北京:电子工业出版社,2014 |
| 207页:图;26cm |
| 工业和信息产业科技与教育专著出版资金资助出版 基于岗位职业能力培养的高职网络技术专业系列教材建设 |
| ISBN 978-7-121-23265-7:CNY32.00 |
| 本书以实际网络应用为背景,采用项目驱动的方式进行内容组织,系统全面介绍了VPN加密技术和隧道技术,基于Windows系统的VPN网络的组建,基于Linux系统的VPN网络的组建,基于路由器的VPN网络的组建,基于VPN设备的VPN网络的组建等知识。 |
| ● |
| 相关链接 |
|
|
|
正题名:VPN及安全验证技术
索取号:TP393.01/59
 
预约/预借
| 序号 | 登录号 | 条形码 | 馆藏地/架位号 | 状态 | 备注 |
| 1 | 2001162206 | 2001162206 | 中教(第二批第二书库)/山东中教(第二批)/793/ [索取号:TP393.01/59] | 在馆 | |
| 2 | 2001162207 | 2001162207 | 中教(第二批第二书库)/山东中教(第二批)/793/ [索取号:TP393.01/59] | 在馆 | |
| 3 | 2001162208 | 2001162208 | 中教(第二批第二书库)/山东中教(第二批)/793/ [索取号:TP393.01/59] | 在馆 | |
| 4 | 2001162209 | 2001162209 | 中教(第二批第二书库)/山东中教(第二批)/793/ [索取号:TP393.01/59] | 在馆 | |
| 5 | 2001162210 | 2001162210 | 中教(第二批第二书库)/山东中教(第二批)/793/ [索取号:TP393.01/59] | 在馆 | |
| 6 | 2001162211 | 2001162211 | 中教(第二批第二书库)/山东中教(第二批)/793/ [索取号:TP393.01/59] | 在馆 | |
| 7 | 2001162212 | 2001162212 | 中教(第二批第二书库)/山东中教(第二批)/793/ [索取号:TP393.01/59] | 在馆 | |
| 8 | 2001162213 | 2001162213 | 中教(第二批第二书库)/山东中教(第二批)/793/ [索取号:TP393.01/59] | 在馆 | |
| 9 | 2001162214 | 2001162214 | 中教(第二批第二书库)/山东中教(第二批)/793/ [索取号:TP393.01/59] | 在馆 | |
| 10 | 2001162215 | 2001162215 | 中教(第二批第二书库)/山东中教(第二批)/793/ [索取号:TP393.01/59] | 在馆 | |
| 11 | 2001162216 | 2001162216 | 中教(第二批第二书库)/山东中教(第二批)/793/ [索取号:TP393.01/59] | 在馆 | |
| 12 | 2001162217 | 2001162217 | 中教(第二批第二书库)/山东中教(第二批)/793/ [索取号:TP393.01/59] | 在馆 | |
| 13 | 2001162218 | 2001162218 | 中教(第二批第二书库)/山东中教(第二批)/793/ [索取号:TP393.01/59] | 在馆 | |
| 14 | 2001162219 | 2001162219 | 中教(第二批第二书库)/山东中教(第二批)/793/ [索取号:TP393.01/59] | 在馆 | |
| 15 | 2001162220 | 2001162220 | 中教(第二批第二书库)/山东中教(第二批)/793/ [索取号:TP393.01/59] | 在馆 | |
| 16 | 2001162221 | 2001162221 | 中教(第二批第二书库)/山东中教(第二批)/793/ [索取号:TP393.01/59] | 在馆 | |
| 17 | 2001162222 | 2001162222 | 中教(第二批第二书库)/山东中教(第二批)/793/ [索取号:TP393.01/59] | 在馆 | |
| 18 | 2001162223 | 2001162223 | 中教(第二批第二书库)/山东中教(第二批)/793/ [索取号:TP393.01/59] | 在馆 | |
| 19 | 2001162224 | 2001162224 | 中教(第二批第二书库)/山东中教(第二批)/793/ [索取号:TP393.01/59] | 在馆 | |
| 20 | 2001162225 | 2001162225 | 中教(第二批第二书库)/山东中教(第二批)/793/ [索取号:TP393.01/59] | 在馆 | |
| 21 | 2001162226 | 2001162226 | 中教(第二批第二书库)/山东中教(第二批)/793/ [索取号:TP393.01/59] | 在馆 | |
| 22 | 2001162227 | 2001162227 | 中教(第二批第二书库)/山东中教(第二批)/793/ [索取号:TP393.01/59] | 在馆 | |
| 23 | 2001162228 | 2001162228 | 中教(第二批第二书库)/山东中教(第二批)/793/ [索取号:TP393.01/59] | 在馆 | |
| 24 | 2001162229 | 2001162229 | 中教(第二批第二书库)/山东中教(第二批)/793/ [索取号:TP393.01/59] | 在馆 | |
| 25 | 2001162230 | 2001162230 | 中教(第二批第二书库)/山东中教(第二批)/793/ [索取号:TP393.01/59] | 在馆 | |
| 26 | 2001162231 | 2001162231 | 中教(第二批第二书库)/山东中教(第二批)/793/ [索取号:TP393.01/59] | 在馆 | |
| 27 | 2001162232 | 2001162232 | 中教(第二批第二书库)/山东中教(第二批)/793/ [索取号:TP393.01/59] | 在馆 | |
| 28 | 2001162233 | 2001162233 | 中教(第二批第二书库)/山东中教(第二批)/793/ [索取号:TP393.01/59] | 在馆 | |
| 29 | 2001162234 | 2001162234 | 中教(第二批第二书库)/山东中教(第二批)/793/ [索取号:TP393.01/59] | 在馆 | |
| 30 | 2001162235 | 2001162235 | 中教(第二批第二书库)/山东中教(第二批)/793/ [索取号:TP393.01/59] | 在馆 |